000 00748nam a2200217 i 4500
001 115460
003 ES-MaACL
005 20250825062559.0
007 t|
008 070309s1929 sp ||||1| spa d
100 1 _aMayral, J. L.,
_d1893-1941
_979441
245 1 3 _aEl fenómeno
_b: estampa taurina en tres momentos y en prosa /
_cJosé L. Mayral y J. Silva Arámburu.
260 _aMadrid :
_bPrensa Moderna,
_c1929.
300 _a72 p. ;
_c17 cm.
490 1 _aEl Teatro moderno ;
_v178
500 _aEstrenada en el Teatro Cómico, de Madrid, el día 7 de enero de 1929.
700 1 _aSilva Aramburu, José.
_9106386
830 0 3 _aEl teatro moderno (Prensa Moderna)
_v178
_9182365
852 _aES-MaACL
_jC-13066
999 _c115460
_d115460